Zambia at 44: annual business magazine (Record no. 62345)

MARC details
000 -LEADER
fixed length control field 00506nam a2200121 a 4500
008 - FIXED-LENGTH DATA ELEMENTS--GENERAL INFORMATION
fixed length control field 090130s2008 ||||||||||||||||| || u
050 ## - LIBRARY OF CONGRESS CALL NUMBER
Classification number HC 915 Zam
245 00 - TITLE STATEMENT
Title Zambia at 44: annual business magazine
Statement of responsibility, etc. edited by Walubita, S. Kelly
260 ## - PUBLICATION, DISTRIBUTION, ETC.
Place of publication, distribution, etc. New Delhi
Name of publisher, distributor, etc. Zambia High Commission, New Delhi (India)
Date of publication, distribution, etc. 2008
300 ## - PHYSICAL DESCRIPTION
Extent 90p. :ill.
350 ## - PRICE (NR) (BK AM CF MU VM SE) [OBSOLETE]
Price 0.00
995 ## - RECOMMENDATION 995 [LOCAL, UNIMARC FRANCE]
-- 0.00
-- CBU-MAIN LIBRARY (Kitwe)
-- 1
-- 0.00
-- 1
-- AVAILABLE
-- Jan 30, 2009
-- Zambiana Collection
Holdings
Withdrawn status Lost status Source of classification or shelving scheme Damaged status Not for loan Home library Current library Shelving location Date acquired Total Checkouts Full call number Barcode Date last seen Price effective from Koha item type
          CBU-MAIN LIBRARY, KITWE. CBU-MAIN LIBRARY, KITWE.   11/30/2022   HC 915 Zam Z03003467 11/30/2022 11/30/2022 MONOGRAPH